Santiago, de España a América : la transculturización de una creencia /

Gorde:
Xehetasun bibliografikoak
Egile nagusia: Toscano García de Quevedo, Juan Miguel (autor)
Formatua: Liburua
Hizkuntza:gaztelania
Gaiak:
Etiketak: Etiketa erantsi
Etiketarik gabe, Izan zaitez lehena erregistro honi etiketa jartzen!

MARC

LEADER 00000nam^a2200000^a^4500
001 000183892
005 20250521000000.0
009 20260310102054.962
037 |a Acervo ITESO - Biblioteca 
041 |a ESP 
082 |a 282. 72  |b TOS 
100 |a Toscano García de Quevedo, Juan Miguel  |e (autor) 
245 1 0 |a Santiago, de España a América :  |b la transculturización de una creencia /  |c J.M. Toscano García de Quevedo. 
264 |a Guadalajara, México :  |b Sociedad de Geografía y Estadística del Estado de Jalisco ;  |a Tonalá, México :  |b Ayuntamiento de Tonalá,  |c 1994 
300 |a 22 p. 
336 |a texto  |b txt  |2 rdacontenido 
337 |a sin mediación  |b n  |2 rdamedio 
338 |a volumen  |b nc  |2 rdasoporte 
649 |a XX 
650 |a Santiago, Apóstol, Santo -  |x Biografías 
650 |a Santiago, Apóstol, Santo -  |x Apariciones y Milagros 
650 |a Santiago, Santo, Apóstol -  |x Culto 
650 |a Evangelización -  |z México -  |x Historia -  |y Descubrimiento y Conquista, 1517-1521 
650 |a Evangelización -  |z América -  |x Historia -  |y Epoca Colonial 
650 |a Transculturación -  |z América-España 
650 |a Catolicismo -  |z México -  |x Historia -  |y Descubrimiento y Conquista, 1517-1521 
650 |a Catolicismo -  |z América -  |x Historia -  |y Epoca Colonial 
650 |a Cristianismo -  |z México -  |x Historia -  |y Descubrimiento y Conquista, 1517-1521 
650 |a Cristianismo -  |z América -  |x Historia -  |y Epoca Colonial 
650 |a Religión 
910 |a Fondo General 
920 |a Impresos - Libros 
930 |a Colección General 
905 |a 101 
901 |a 0500124600  |b IT1  |c ACC  |u 20250521 
902 |a https://opac.biblio.iteso.mx/vufind/Record/000183892